Especies focales de aves de Cundinamarca : (Registro nro. 7358)

Detalles MARC
000 -CABECERA
Campo de control 01078nam a22002897a 4500
005 - FECHA Y HORA DE LA ULTIMA TRANSACCION
Campo de control 20170825020001.0
008 - ELEMENTOS DE LONGITUD FIJA—INFORMACION GENERAL
Campo de control 110829s2009 ck a gr 001 0dspa d
015 ## - NATIONAL BIBLIOGRAPHY NUMBER
National bibliography number ck-2009-xxxx
020 ## - ISBN
ISBN 9789588343396
040 ## - FUENTE DE CATALOGACIÓN
Agencia catalogadora original CO-BoIAVH
Agencia transcriptora CO-BoIAVH
041 0# - IDIOMA
Código de idioma para texto/pista de sonido o título separado Español
043 ## - GEOGRAPHIC AREA CODE
Geographic area code s-ck---
044 ## - PAÍS DE PUBLICACIÓN
País de publicación Colombia
082 04 - NUMERO DE CLASIFICACION DECIMAL DEWEY
Número de clasificación 598.098
Número del ítem F825e
245 00 - MENCION DE TITULO
Título Especies focales de aves de Cundinamarca :
Parte restante del título estrategias para la conservación /
Mención de responsabilidad Ana María Franco ... [et al.].
260 ## - PUBLICACION, DISTRIBUCION, ETC. (PIE DE IMPRENTA)
Lugar de publicación, distribución, etc. Bogotá :
Nombre del editor, distribuidor, etc. CAR :
-- Instituto Humboldt,
Fecha de publicación, distribución, etc. 2009.
300 ## - DESCRIPCION FISICA
Extensión 140 p. :
Otros detalles físicos il. ;
Dimensiones 22 cm.
504 ## - NOTA DE BIBLIOGRAFIA, ETC.
Nota de bibliografía Incluye bibliografía e índices.
650 ## - ASIENTO SECUNDARIO DE MATERIA - TERMINO TEMATICO
Término temático o nombre geográfico como elemento de entrada Aves
Subdivisión geográfica Cundinamarca (Colombia)
9 (RLIN) 40360
650 ## - ASIENTO SECUNDARIO DE MATERIA - TERMINO TEMATICO
Término temático o nombre geográfico como elemento de entrada Aves
Subdivisión general Distribución geográfica
Subdivisión geográfica Cundinamarca (Colombia)
9 (RLIN) 40361
650 ## - ASIENTO SECUNDARIO DE MATERIA - TERMINO TEMATICO
Término temático o nombre geográfico como elemento de entrada Aves
Subdivisión general Identificación
Subdivisión geográfica Cundinamarca (Colombia)
9 (RLIN) 40362
650 ## - ASIENTO SECUNDARIO DE MATERIA - TERMINO TEMATICO
Término temático o nombre geográfico como elemento de entrada Aves
Subdivisión general Fichas técnicas
Subdivisión geográfica Cundinamarca (Colombia)
9 (RLIN) 40363
700 1# - ASIENTO SECUNDARIO - NOMBRE PERSONAL
Nombre personal Franco, Ana María.
9 (RLIN) 408
856 ## - LOCALIZACION Y ACCESO ELECTRONICOS
Identificador Uniforme del Recurso http://www.humboldt.org.co/publicaciones/uploads/211_FOCALES_FINAL_2009.pdf
942 ## - ELEMENTOS ADICIONALES (KOHA)
Sistema de clasificación Dewey Decimal Classification
Tipo de ítem Libro
Koha issues (borrowed), all copies 4
949 ## - LOCAL PROCESSING INFORMATION (OCLC)
a
Existencias
Withdrawn status Lost status Sistema de Clasificación Damaged status No para préstamo Colección Ubicación Permanente Ubicación actual Fecha de adquisición Total Checkouts Número topográfico Inventario / Código de Barras Date last seen Date checked out Ejemplar Price effective from Forma de adquisición Tipo de material Inventariado Fuente de Valor Valor
    Dewey Decimal Classification     Humboldt Bogotá Bogotá 09/07/2013 5 IAVH-598.098 F825e 028459 08/01/2019 08/01/2019 Ej. 1 09/07/2013 Institucional Libro      
    Dewey Decimal Classification     Humboldt Bogotá Bogotá 09/07/2013 1 IAVH-598.098 F825e 028458 27/10/2014 27/10/2014 Ej. 2 09/07/2013 Institucional Libro      
    Dewey Decimal Classification     Humboldt Bogotá Bogotá 29/09/2015   IAVH-598.098 F825e 035233 29/09/2015   Ej. 4 29/09/2015 Institucional Libro Inventariado 2017 Instituto 39000.00
    Dewey Decimal Classification     Humboldt Sala Fabio Quevedo Sala Fabio Quevedo 23/07/2014   IAVH-598.098 F825e 028457 23/07/2014   Ej. 3 23/07/2014 Institucional Libro Inventariado 2017 Instituto 39000.00